000 00634nam a22002177a 4500
003 DO-SdBNP
005 20221102143838.0
007 ta
008 221102b2020 dr ||||| |||| 00| 0 spa d
020 _a9789945920536
040 _aDO-SdBNP
_bspa
_cBNPHU
082 4 _222
100 _982634
_aBierd, David
245 1 0 _aOrando es que se ora :
_baprendiendo a orar para orar /
_cDavid Bierd
260 _aSanto Domingo :
_bGraphic Colonial,
_c2020.
300 _a173 p. ;
_c23 cm.
500 _aIncluye datos biográficos del autor en la contracubierta
590 _aInventariado, 2022/BT
910 _aBtavárez
942 _2ddc
_cLBS1
999 _c52751
_d52751